[Event "Deltalift op"]
[Site "Tylosand"]
[Date "2022.05.26"]
[Round "2"]
[White "Loenn, Joakim"]
[Black "Jepson, Christian"]
[Result "0-1"]
[WhiteElo "1972"]
[BlackElo "2401"]
[PlyCount "66"]
[EventDate "2022.05.26"]
[EventType "swiss"]
[EventRounds "8"]
[EventCountry "SWE"]
[SourceTitle "CBM 208 Extra"]
[Source "ChessBase"]
[SourceDate "2022.07.31"]
[SourceVersion "1"]
[SourceVersionDate "2022.07.31"]
[SourceQuality "1"]

1. d4 Nf6 2. Nc3 g6 3. e4 d6 4. Nf3 Bg7 5. Be2 0-0 6. 0-0 a6 7. a4 b6 8. h3 e6 9. Bg5 h6 10. Bh4 g5 11. Bg3 Bb7 12. Bd3 Nc6 13. e5 dxe5 14. Bxe5 Nxe5 15. dxe5 Nd7 16. Qe2 Bxf3 17. gxf3 Nxe5 18. Be4 Rb8 19. f4 gxf4 20. Kh2 f5 21. Bh1 Qd6 22. Rfd1 Qe7 23. Rg1 Kh8 24. Rae1 f3 25. Rxg7 Ng4+ 26. Rxg4 fxe2 27. Rg6 Kh7 28. Rg3 Rg8 29. Rxe2 Qd6 30. Re1 Rxg3 31. fxg3 Rg8 32. Re3 Qd2+ 33. Re2 Qg5 0-1